00341pab a2200133 454500008004000000100001800040245004600058260000900104300001300113362001100126650002200137650001400159773003400173180718b2013 xxu||||| |||| 00| 0 eng d aForti, Marina aItalian elections: Rejection of austerity c2013 ap.20-23. a16 Mar aElections - Italy aElections aEconomic and Political Weekly